000 00678nam a2200193 a 4500
001 000042924
005 20201002040513.0
008 140213s1981 sp a 000 0 spa d
020 _a8485337557
040 _aDO-SdBNP
_bspa
_cBNPHU
082 _axxx
_bxxx
100 1 _aGarcía Pérez, Francisco,
_d1953-
_970390
245 1 0 _aCrónicas de El Bierzo /
_cFrancisco García Pérez.
260 _aMadrid :
_bPenthalón,
_c1981.
300 _a206 p. :
_bil. ;
_c19 cm.
490 1 _aLa Banda de Gargantúa
_aLúdicos de Pantagruel
_v5
500 _aIncluye datos biográficos del autor en la solapa de la cubierta
830 0 _aLa Banda de Gargantúa
_n5
_pLúdicos de Pantagruel
_970391
999 _c42413
_d42413